|
|
|
|
| LEADER |
00000nam a2200000Ia 4500 |
| 008 |
150730b2011 cr ||||| |||| 00| | spa d |
| 999 |
|
|
|c 144
|d 144
|
| 022 |
|
|
|a 2215-2806
|
| 090 |
|
|
|a 19.02.06
|b 2082
|
| 110 |
2 |
|
|a Centro de Investigación y Estudios Políticos (CIEP)
|9 619
|
| 245 |
1 |
0 |
|a Anuario Centro de Investigación y Estudios Políticos /
|c CIEP
|
| 260 |
|
|
|a San José, Costa Rica :
|b CIEP,
|c 2011
|
| 300 |
|
|
|a 83 páginas
|
| 500 |
|
|
|a El anuario presenta una compilación de investigaciones, artículos, ponencias y actividades realizadas por el CIEP durante el año 2010
|
| 650 |
1 |
4 |
|a ANUARIOS
|9 566
|
| 650 |
1 |
4 |
|a INVESTIGACIÓN
|9 163
|
| 650 |
1 |
4 |
|a CIENCIA POLÍTICA
|9 620
|
| 942 |
|
|
|i 003661
|h 19.02.06 2082
|2 z
|c 01
|